Culture Youtube #1 - Statistiques

Statistiques générales
  • Ce quiz a été pris 1 287 fois
  • Le résultat moyen est 11 sur 15
Statistiques - réponses
Questions Réponses % Correct
Qui est le youtubeur avec le plus d'abonnés en France ? Squeezie
98%
Comment s'appelle la copine du youtubeur Michou ? Elsa
88%
Quel est la montagne que veut gravir le youtubeur Inoxtag ? Everest
85%
Comment s'appelle les videos formats Tiktok ? Short
84%
Quel est le nombre d'abonnés requis pour la monétisation ? 1000
82%
Quel youtubeur a fait le son "Dépression" ? Mastu
80%
Depuis quand youtube existe (année) ? 2005
79%
Quel youtubeur francais fais du journalisme ? Hugo Decrypte
79%
Comment s'appelle la couverture d'une vidéo ? Miniature
78%
"Est ce que c'est ___ ____ ____ ?" bon pour vous
73%
Quel est l'ancien nom du local de Mastu, Theodort, Linca, Joyca et Hctuan ? le LOAT
72%
A quel GAFAM appartient youtube ? Google
63%
Comment s'appelle la chaine commune de Squezzie et Cyprien ? Bigorneaux et Coquillages
62%
Comment s'appelle l'abonnement Youtube ? Youtube Premium
56%
Qui est le youtubeur avec le plus d'abonnés ? Pewdipie
21%
Aucun quiz correspondant
Distribution des résultats
% des personnes avec chaque résultat
Percentile par nombre de réponses
Votre historique - résultats
Vous n’avez pas pris ce quiz